000 00735nam a22002297a 4500
001 29126
003 UA-OsUOA
005 20240611125627.0
007 ta
008 20050602b un ||||| |||| 00| 0 ukr d
040 _aUA-OsUOA
_brus
_cUA-OsUOA
_dUA-OsUOA
041 _arus
044 _aRU
080 _a94(47+571)(092)
090 _a94(47+571)(092)
_bО-83
245 _aОтмена крепостного права
_bдоклады министров внутренних дел о проведении крестьянской реформы 1861–1862
_cред. С. Н. Валк
260 _aМосква
_bАкадемия наук СССР
_c1950
300 _a312 с.
650 7 _2UDC
942 _cBK
_2udc
955 _a0
999 _c315507
_d315507